[Event "Girls U20 Polish Youth Championship"]
[Site "Ustron"]
[Date "2019.11.27"]
[Round "6"]
[White "Dwilewicz, Katarzyna"]
[Black "Antolak, Julia"]
[Result "0-1"]
[Board "1"]
[WhiteElo "2100"]
[WhiteTitle "WFM"]
[WhiteCountry "POL"]
[WhiteFideId "1148486"]
[WhiteEloChange "-6"]
[BlackElo "2249"]
[BlackTitle "WIM"]
[BlackCountry "POL"]
[BlackFideId "1159569"]
[BlackEloChange "6"]

1. e4 {[%clk 1:30:57]} c5 {[%clk 1:30:53]} 2. Nf3 {[%clk 1:31:19]} e6 {[%clk
1:31:19]} 3. d4 {[%clk 1:31:43]} cxd4 {[%clk 1:31:45]} 4. Nxd4 {[%clk 1:32:07]}
Nf6 {[%clk 1:32:11]} 5. Nc3 {[%clk 1:32:31]} d6 {[%clk 1:32:38]} 6. g4 {[%clk
1:32:36]} Nc6 {[%clk 1:32:53]} 7. g5 {[%clk 1:24:34]} Nd7 {[%clk 1:33:10]} 8. Be3
{[%clk 1:24:55]} Be7 {[%clk 1:33:28]} 9. h4 {[%clk 1:24:43]} O-O {[%clk 1:33:34]}
10. Qd2 {[%clk 1:24:49]} Nde5 {[%clk 1:33:30]} 11. Be2 {[%clk 1:15:22]} Nxd4
{[%clk 1:33:25]} 12. Qxd4 {[%clk 1:09:30]} Nc6 {[%clk 1:33:42]} 13. Qd2 {[%clk
1:09:47]} Qa5 {[%clk 1:33:58]} 14. O-O-O {[%clk 1:09:26]} Rd8 {[%clk 1:28:05]}
15. Kb1 {[%clk 1:06:17]} d5 {[%clk 1:19:57]} 16. exd5 {[%clk 1:00:08]} exd5
{[%clk 1:18:51]} 17. Nxd5 {[%clk 0:53:01]} Bb4 {[%clk 1:17:06]} 18. Nxb4 {[%clk
0:31:19]} Rxd2 {[%clk 1:14:47]} 19. Bxd2 {[%clk 0:31:26]} Be6 {[%clk 1:06:03]}
20. a3 {[%clk 0:30:31]} Qc7 {[%clk 1:01:55]} 21. Nxc6 {[%clk 0:26:52]} Qxc6
{[%clk 1:00:51]} 22. Bc3 {[%clk 0:25:34]} Qg2 {[%clk 0:47:47]} 23. Rhf1 {[%clk
0:22:35]} Rc8 {[%clk 0:41:33]} 24. Bd3 {[%clk 0:16:33]} Qf3 {[%clk 0:35:08]} 25.
Rde1 {[%clk 0:13:37]} a6 {[%clk 0:28:55]} 26. Be4 {[%clk 0:11:08]} Qf4 {[%clk
0:29:03]} 27. f3 {[%clk 0:05:20]} Qxh4 {[%clk 0:17:05]} 28. Rh1 {[%clk 0:05:29]}
Qf4 {[%clk 0:16:09]} 29. Rxh7 {[%clk 0:03:59]} Rxc3 {[%clk 0:15:28]} 30. bxc3
{[%clk 0:03:52]} Qd6 {[%clk 0:14:38]} 31. Reh1 {[%clk 0:03:13]} Kf8 {[%clk
0:14:55]} 32. Rh8+ {[%clk 0:03:25]} Ke7 {[%clk 0:15:21]} 33. Kb2 {[%clk 0:03:40]}
Qb6+ {[%clk 0:15:15]} 34. Kc1 {[%clk 0:03:42]} Qe3+ {[%clk 0:15:02]} 35. Kb2
{[%clk 0:04:06]} Qb6+ {[%clk 0:12:07]} 36. Kc1 {[%clk 0:04:32]} Qa5 {[%clk
0:09:04]} 37. Kb2 {[%clk 0:04:09]} Qb5+ {[%clk 0:09:13]} 38. Kc1 {[%clk 0:04:21]}
Qxg5+ {[%clk 0:09:24]} 39. Kb2 {[%clk 0:04:48]} Qb5+ {[%clk 0:07:57]} 40. Kc1
{[%clk 0:35:13]} Qa4 {[%clk 0:36:35]} 41. Bxb7 {[%clk 0:24:36]} Qxa3+ {[%clk
0:36:33]} 42. Kd2 {[%clk 0:23:53]} Qd6+ {[%clk 0:36:14]} 43. Kc1 {[%clk 0:22:58]}
a5 {[%clk 0:28:25]} 44. Be4 {[%clk 0:12:52]} a4 {[%clk 0:25:31]} 45. Rd1 {[%clk
0:07:02]} Qc5 {[%clk 0:24:11]} 46. Rd4 {[%clk 0:05:27]} a3 {[%clk 0:19:13]} 47.
Kd2 {[%clk 0:04:45]} Qg5+ {[%clk 0:16:28]} 48. Ke2 {[%clk 0:03:21]} Qg2+ {[%clk
0:16:42]} 49. Ke3 {[%clk 0:03:25]} Qg1+ {[%clk 0:16:20]} 50. Ke2 {[%clk 0:03:28]}
a2 {[%clk 0:16:40]} 0-1

[Event "Girls U20 Polish Youth Championship"]
[Site "Ustron"]
[Date "2019.11.27"]
[Round "6"]
[White "Cieslak, Wiktoria"]
[Black "Kubicka, Anna"]
[Result "0-1"]
[Board "2"]
[WhiteElo "2039"]
[WhiteCountry "POL"]
[WhiteFideId "1160036"]
[WhiteEloChange "-5"]
[BlackElo "2221"]
[BlackTitle "WIM"]
[BlackCountry "POL"]
[BlackFideId "1152254"]
[BlackEloChange "5"]

1. e4 {[%clk 1:30:58]} c6 {[%clk 1:30:48]} 2. d4 {[%clk 1:31:23]} d5 {[%clk
1:31:14]} 3. e5 {[%clk 1:31:49]} c5 {[%clk 1:29:59]} 4. dxc5 {[%clk 1:32:10]} e6
{[%clk 1:30:24]} 5. Nd2 {[%clk 1:32:26]} Nc6 {[%clk 1:29:24]} 6. Ngf3 {[%clk
1:32:07]} Bxc5 {[%clk 1:28:50]} 7. Nb3 {[%clk 1:32:28]} Bb6 {[%clk 1:29:02]} 8.
Be2 {[%clk 1:24:50]} Nge7 {[%clk 1:28:24]} 9. Bg5 {[%clk 1:24:19]} Qc7 {[%clk
1:25:38]} 10. Bxe7 {[%clk 1:23:59]} Qxe7 {[%clk 1:25:33]} 11. O-O {[%clk
1:23:22]} O-O {[%clk 1:25:46]} 12. Re1 {[%clk 1:23:14]} a6 {[%clk 1:17:43]} 13.
c3 {[%clk 1:18:13]} Bd7 {[%clk 1:13:39]} 14. Bd3 {[%clk 1:16:19]} Rfc8 {[%clk
1:06:47]} 15. Bc2 {[%clk 1:12:06]} Rc7 {[%clk 1:00:44]} 16. Qd3 {[%clk 1:11:40]}
g6 {[%clk 1:01:05]} 17. Qd2 {[%clk 1:11:00]} f6 {[%clk 0:48:25]} 18. exf6 {[%clk
1:06:11]} Qxf6 {[%clk 0:48:43]} 19. Re2 {[%clk 1:05:51]} Rf8 {[%clk 0:45:21]} 20.
h4 {[%clk 1:03:29]} Bc8 {[%clk 0:44:00]} 21. Rd1 {[%clk 1:00:32]} Rd7 {[%clk
0:39:17]} 22. Qh6 {[%clk 0:55:31]} e5 {[%clk 0:33:24]} 23. Rdd2 {[%clk 0:49:54]}
e4 {[%clk 0:27:57]} 24. Nfd4 {[%clk 0:19:18]} Ne5 {[%clk 0:25:13]} 25. Qg5 {[%clk
0:19:00]} Nc4 {[%clk 0:24:36]} 26. Qxf6 {[%clk 0:18:25]} Rxf6 {[%clk 0:25:04]}
27. Rd1 {[%clk 0:18:48]} Nxb2 {[%clk 0:25:05]} 28. Rde1 {[%clk 0:18:29]} Na4
{[%clk 0:23:10]} 29. Re3 {[%clk 0:16:19]} Rc7 {[%clk 0:22:35]} 30. Rg3 {[%clk
0:15:56]} Rxc3 {[%clk 0:21:22]} 31. Rxc3 {[%clk 0:15:57]} Nxc3 {[%clk 0:21:51]}
32. a3 {[%clk 0:15:59]} Bd7 {[%clk 0:20:54]} 33. Bb1 {[%clk 0:15:18]} Ba4 {[%clk
0:19:55]} 34. Rc1 {[%clk 0:15:10]} Nxb1 {[%clk 0:19:28]} 35. Rxb1 {[%clk
0:15:27]} Bxb3 {[%clk 0:19:53]} 36. Nxb3 {[%clk 0:15:48]} Bxf2+ {[%clk 0:20:16]}
37. Kh2 {[%clk 0:15:57]} Rb6 {[%clk 0:20:02]} 0-1

[Event "Girls U20 Polish Youth Championship"]
[Site "Ustron"]
[Date "2019.11.27"]
[Round "6"]
[White "Goraj, Barbara"]
[Black "Kulpa, Zuzanna"]
[Result "1/2-1/2"]
[Board "3"]
[WhiteElo "2044"]
[WhiteTitle "WCM"]
[WhiteCountry "POL"]
[WhiteFideId "21816166"]
[WhiteEloChange "-4"]
[BlackElo "1878"]
[BlackCountry "POL"]
[BlackFideId "1195093"]
[BlackEloChange "4"]

1. e4 {[%clk 1:30:57]} e5 {[%clk 1:30:54]} 2. Nf3 {[%clk 1:31:21]} Nc6 {[%clk
1:31:17]} 3. Bb5 {[%clk 1:31:44]} a6 {[%clk 1:31:40]} 4. Ba4 {[%clk 1:31:45]} Nf6
{[%clk 1:31:57]} 5. O-O {[%clk 1:32:06]} Be7 {[%clk 1:32:13]} 6. Re1 {[%clk
1:31:45]} b5 {[%clk 1:32:35]} 7. Bb3 {[%clk 1:32:10]} O-O {[%clk 1:32:56]} 8. a4
{[%clk 1:32:07]} d5 {[%clk 1:32:52]} 9. axb5 {[%clk 1:14:54]} dxe4 {[%clk
1:32:59]} 10. bxc6 {[%clk 1:13:32]} exf3 {[%clk 1:33:22]} 11. Qxf3 {[%clk
1:08:53]} e4 {[%clk 1:33:40]} 12. Qc3 {[%clk 0:59:10]} Bf5 {[%clk 1:26:39]} 13.
Ra5 {[%clk 0:52:42]} Bg6 {[%clk 1:24:29]} 14. Na3 {[%clk 0:49:51]} Qb8 {[%clk
1:20:44]} 15. Qe3 {[%clk 0:41:08]} Bb4 {[%clk 1:08:02]} 16. Rg5 {[%clk 0:37:14]}
Kh8 {[%clk 1:05:45]} 17. Nc4 {[%clk 0:31:20]} h6 {[%clk 1:05:21]} 18. Rg3 {[%clk
0:29:52]} Qb5 {[%clk 1:03:25]} 19. Kh1 {[%clk 0:20:48]} Rfe8 {[%clk 0:56:41]} 20.
Rh3 {[%clk 0:14:41]} Qxc6 {[%clk 0:51:24]} 21. Qf4 {[%clk 0:08:53]} Nh5 {[%clk
0:46:33]} 22. Qg4 {[%clk 0:09:00]} f5 {[%clk 0:45:44]} 23. Qd1 {[%clk 0:03:10]}
Nf4 {[%clk 0:43:56]} 24. Rh4 {[%clk 0:03:15]} Nd5 {[%clk 0:44:04]} 25. Ne3 {[%clk
0:00:40]} Nxe3 {[%clk 0:42:59]} 26. fxe3 {[%clk 0:01:00]} Qf6 {[%clk 0:41:10]}
27. Rh3 {[%clk 0:00:44]} Rad8 {[%clk 0:39:36]} 28. Qe2 {[%clk 0:00:37]} Bh7
{[%clk 0:37:59]} 29. Rf1 {[%clk 0:00:33]} Qd6 {[%clk 0:37:02]} 30. c3 {[%clk
0:00:32]} Bc5 {[%clk 0:36:54]} 31. Bc4 {[%clk 0:00:34]} a5 {[%clk 0:36:25]} 32.
Qh5 {[%clk 0:00:32]} Qg6 {[%clk 0:34:31]} 33. Bf7 {[%clk 0:00:31]} Qxh5 {[%clk
0:34:47]} 34. Rxh5 {[%clk 0:00:48]} Rf8 {[%clk 0:33:54]} 35. Be6 {[%clk 0:00:49]}
Rf6 {[%clk 0:33:50]} 36. Bc4 {[%clk 0:00:46]} Bf8 {[%clk 0:32:14]} 37. g4 {[%clk
0:00:35]} g5 {[%clk 0:25:53]} 38. gxf5 {[%clk 0:00:31]} Rxf5 {[%clk 0:26:05]} 39.
Rh3 {[%clk 0:00:34]} Rxf1+ {[%clk 0:24:42]} 40. Bxf1 {[%clk 0:30:58]} Kg7 {[%clk
0:52:30]} 41. Rg3 {[%clk 0:27:18]} Bd6 {[%clk 0:51:57]} 42. Rg1 {[%clk 0:13:58]}
Rf8 {[%clk 0:49:55]} 43. Kg2 {[%clk 0:12:48]} Bg6 {[%clk 0:46:31]} 44. Be2 {[%clk
0:12:50]} h5 {[%clk 0:46:02]} 45. b3 {[%clk 0:09:20]} Rb8 {[%clk 0:42:21]} 46.
Bd1 {[%clk 0:08:12]} h4 {[%clk 0:41:15]} 47. h3 {[%clk 0:05:56]} Bf7 {[%clk
0:40:36]} 48. c4 {[%clk 0:04:38]} Kh6 {[%clk 0:39:18]} 49. Rf1 {[%clk 0:03:02]}
Bg6 {[%clk 0:38:20]} 50. Bc2 {[%clk 0:02:34]} Be5 {[%clk 0:35:11]} 51. Ba3 {[%clk
0:01:49]} Rd8 {[%clk 0:35:31]} 52. Bc1 {[%clk 0:01:43]} Kh7 {[%clk 0:31:18]} 53.
Rf2 {[%clk 0:01:24]} Bg3 {[%clk 0:18:06]} 54. Rf1 {[%clk 0:00:42]} Rd6 {[%clk
0:16:51]} 55. Kg1 {[%clk 0:00:51]} Be5 {[%clk 0:12:08]} 56. Kg2 {[%clk 0:00:45]}
Bg7 {[%clk 0:12:23]} 57. Rf2 {[%clk 0:00:46]} Rd8 {[%clk 0:08:39]} 1/2-1/2

[Event "Girls U20 Polish Youth Championship"]
[Site "Ustron"]
[Date "2019.11.27"]
[Round "6"]
[White "Kiolbasa, Oliwia"]
[Black "Adamczyk, Zuzanna"]
[Result "1-0"]
[Board "4"]
[WhiteElo "2208"]
[WhiteTitle "WIM"]
[WhiteCountry "POL"]
[WhiteFideId "1154613"]
[WhiteEloChange "4"]
[BlackElo "1992"]
[BlackCountry "POL"]
[BlackFideId "1187570"]
[BlackEloChange "-4"]

1. e4 {[%clk 1:30:58]} c5 {[%clk 1:30:31]} 2. Nf3 {[%clk 1:31:18]} e6 {[%clk
1:30:41]} 3. d4 {[%clk 1:31:40]} cxd4 {[%clk 1:30:52]} 4. Nxd4 {[%clk 1:32:01]}
Nc6 {[%clk 1:31:09]} 5. Nc3 {[%clk 1:32:22]} Qc7 {[%clk 1:31:12]} 6. Be2 {[%clk
1:32:32]} a6 {[%clk 1:31:17]} 7. O-O {[%clk 1:32:42]} Nf6 {[%clk 1:31:21]} 8. Be3
{[%clk 1:32:46]} Bb4 {[%clk 1:31:25]} 9. Na4 {[%clk 1:32:48]} O-O {[%clk
1:31:04]} 10. c4 {[%clk 1:32:45]} Bd6 {[%clk 1:26:43]} 11. g3 {[%clk 1:31:44]}
Nxe4 {[%clk 1:23:50]} 12. Nxc6 {[%clk 1:31:47]} bxc6 {[%clk 1:18:31]} 13. c5
{[%clk 1:24:15]} Be7 {[%clk 1:10:12]} 14. Nb6 {[%clk 1:08:06]} Rb8 {[%clk
1:02:07]} 15. Rc1 {[%clk 1:02:03]} d5 {[%clk 0:47:48]} 16. cxd6 {[%clk 1:02:01]}
Nxd6 {[%clk 0:47:05]} 17. Nxc8 {[%clk 1:01:36]} Nxc8 {[%clk 0:36:33]} 18. Qc2
{[%clk 1:00:06]} Qa5 {[%clk 0:28:08]} 19. a4 {[%clk 0:48:16]} Bf6 {[%clk
0:21:44]} 20. b3 {[%clk 0:42:07]} Ne7 {[%clk 0:21:00]} 21. Bc5 {[%clk 0:41:53]}
Ra8 {[%clk 0:15:02]} 22. Bd3 {[%clk 0:26:44]} h6 {[%clk 0:13:03]} 23. b4 {[%clk
0:26:58]} Qc7 {[%clk 0:11:09]} 24. a5 {[%clk 0:27:18]} Rfc8 {[%clk 0:10:44]} 25.
Qe2 {[%clk 0:27:32]} Qb7 {[%clk 0:09:43]} 26. h4 {[%clk 0:24:31]} Nf5 {[%clk
0:02:54]} 27. h5 {[%clk 0:23:23]} Be7 {[%clk 0:01:14]} 28. Bxe7 {[%clk 0:19:00]}
Nxe7 {[%clk 0:01:36]} 29. Qe4 {[%clk 0:19:24]} g6 {[%clk 0:01:10]} 30. hxg6
{[%clk 0:17:55]} Nxg6 {[%clk 0:01:15]} 31. Qg4 {[%clk 0:10:43]} Kg7 {[%clk
0:01:01]} 32. Bxg6 {[%clk 0:10:51]} fxg6 {[%clk 0:01:11]} 33. Qxe6 {[%clk
0:11:15]} Qxb4 {[%clk 0:00:42]} 34. Rfd1 {[%clk 0:10:58]} Qf8 {[%clk 0:00:37]}
35. Rd7+ {[%clk 0:11:17]} Kh8 {[%clk 0:00:43]} 36. Qxg6 {[%clk 0:11:29]} 1-0

[Event "Girls U20 Polish Youth Championship"]
[Site "Ustron"]
[Date "2019.11.27"]
[Round "6"]
[White "Dylag, Emilia"]
[Black "Mirowska, Oliwia"]
[Result "1-0"]
[Board "5"]
[WhiteElo "2046"]
[WhiteCountry "POL"]
[WhiteFideId "21805172"]
[WhiteEloChange "7"]
[BlackElo "1925"]
[BlackCountry "POL"]
[BlackFideId "21807574"]
[BlackEloChange "-7"]

1. d4 {[%clk 1:30:45]} d5 {[%clk 1:30:49]} 2. c4 {[%clk 1:30:43]} e6 {[%clk
1:31:05]} 3. Nf3 {[%clk 1:30:50]} c6 {[%clk 1:30:54]} 4. Nc3 {[%clk 1:30:13]} Nf6
{[%clk 1:30:39]} 5. Bg5 {[%clk 1:29:30]} dxc4 {[%clk 1:30:45]} 6. e4 {[%clk
1:28:30]} h6 {[%clk 1:27:29]} 7. Bxf6 {[%clk 1:28:15]} Qxf6 {[%clk 1:27:43]} 8.
Bxc4 {[%clk 1:26:29]} b5 {[%clk 1:26:52]} 9. Bd3 {[%clk 1:25:04]} Bb7 {[%clk
1:26:21]} 10. e5 {[%clk 1:20:56]} Qd8 {[%clk 1:25:41]} 11. O-O {[%clk 1:20:20]}
Nd7 {[%clk 1:25:07]} 12. Rc1 {[%clk 1:17:18]} Rc8 {[%clk 1:25:10]} 13. Qe2 {[%clk
1:13:56]} a6 {[%clk 1:21:05]} 14. Rfd1 {[%clk 1:09:24]} Qb6 {[%clk 1:17:48]} 15.
Bb1 {[%clk 1:03:34]} Be7 {[%clk 1:15:04]} 16. Ne4 {[%clk 0:55:10]} Rd8 {[%clk
1:07:34]} 17. Qe3 {[%clk 0:49:50]} Qc7 {[%clk 1:03:55]} 18. Nc5 {[%clk 0:44:30]}
Bc8 {[%clk 1:00:08]} 19. h4 {[%clk 0:33:48]} Nb6 {[%clk 0:58:56]} 20. Qe4 {[%clk
0:29:41]} Nd5 {[%clk 0:58:04]} 21. Qg4 {[%clk 0:29:13]} Bf8 {[%clk 0:54:32]} 22.
h5 {[%clk 0:26:52]} Bxc5 {[%clk 0:52:15]} 23. Rxc5 {[%clk 0:23:24]} Ke7 {[%clk
0:51:16]} 24. Rdc1 {[%clk 0:22:10]} Bd7 {[%clk 0:50:36]} 25. Be4 {[%clk 0:18:44]}
Qb8 {[%clk 0:50:05]} 26. Bxd5 {[%clk 0:18:08]} cxd5 {[%clk 0:49:44]} 27. Qxg7
{[%clk 0:18:15]} Rdg8 {[%clk 0:49:43]} 28. Qf6+ {[%clk 0:18:26]} Ke8 {[%clk
0:50:07]} 29. R1c2 {[%clk 0:14:15]} b4 {[%clk 0:47:34]} 30. b3 {[%clk 0:14:13]}
Rh7 {[%clk 0:45:27]} 31. Qf4 {[%clk 0:13:14]} f5 {[%clk 0:41:09]} 32. Qc1 {[%clk
0:10:49]} Ke7 {[%clk 0:40:04]} 33. Nh4 {[%clk 0:07:54]} Rg5 {[%clk 0:32:40]} 34.
Ng6+ {[%clk 0:07:59]} Kd8 {[%clk 0:31:49]} 35. Nf8 {[%clk 0:07:13]} Rhg7 {[%clk
0:29:41]} 36. g3 {[%clk 0:05:21]} Qa7 {[%clk 0:23:18]} 37. Nxd7 {[%clk 0:04:36]}
Rxd7 {[%clk 0:22:44]} 38. Rc8+ {[%clk 0:05:03]} Ke7 {[%clk 0:22:56]} 39. R8c7
{[%clk 0:02:56]} Qb6 {[%clk 0:22:12]} 40. R2c6 {[%clk 0:31:55]} Rxc7 {[%clk
0:49:20]} 41. Rxc7+ {[%clk 0:32:20]} Kd8 {[%clk 0:49:39]} 42. Rc6 {[%clk
0:32:06]} Qb7 {[%clk 0:47:24]} 43. Rxe6 {[%clk 0:32:16]} 1-0

[Event "Girls U20 Polish Youth Championship"]
[Site "Ustron"]
[Date "2019.11.27"]
[Round "6"]
[White "Szczotka, Klara"]
[Black "Hertlein, Irena"]
[Result "1/2-1/2"]
[Board "6"]
[WhiteElo "1781"]
[WhiteCountry "POL"]
[WhiteFideId "21858845"]
[BlackElo "1771"]
[BlackCountry "POL"]
[BlackFideId "21817618"]

1. e4 {[%clk 1:30:59]} c5 {[%clk 1:30:47]} 2. Nf3 {[%clk 1:31:24]} a6 {[%clk
1:31:11]} 3. c3 {[%clk 1:31:35]} e6 {[%clk 1:31:24]} 4. d4 {[%clk 1:31:39]} d5
{[%clk 1:31:40]} 5. exd5 {[%clk 1:31:42]} exd5 {[%clk 1:32:04]} 6. Be3 {[%clk
1:31:23]} c4 {[%clk 1:32:08]} 7. Be2 {[%clk 1:31:05]} Bd6 {[%clk 1:32:04]} 8. O-O
{[%clk 1:29:23]} Nc6 {[%clk 1:28:49]} 9. Re1 {[%clk 1:28:49]} Nf6 {[%clk
1:27:49]} 10. Bg5 {[%clk 1:28:31]} O-O {[%clk 1:27:30]} 11. Nbd2 {[%clk 1:27:54]}
h6 {[%clk 1:26:43]} 12. Bh4 {[%clk 1:27:39]} Bf5 {[%clk 1:24:01]} 13. Nf1 {[%clk
1:26:04]} Re8 {[%clk 1:14:59]} 14. Ne3 {[%clk 1:25:41]} Be6 {[%clk 1:12:57]} 15.
Bf1 {[%clk 1:23:28]} Be7 {[%clk 1:12:09]} 16. Bxf6 {[%clk 1:22:48]} Bxf6 {[%clk
1:12:30]} 17. Qc2 {[%clk 1:23:08]} Qd7 {[%clk 1:00:17]} 18. Rad1 {[%clk 1:20:29]}
b5 {[%clk 0:58:58]} 19. h3 {[%clk 1:16:33]} Rad8 {[%clk 0:53:25]} 20. Kh2 {[%clk
1:04:45]} Qc8 {[%clk 0:37:57]} 21. g3 {[%clk 1:02:41]} Ne7 {[%clk 0:33:31]} 22.
Bg2 {[%clk 0:56:50]} Nf5 {[%clk 0:33:09]} 23. Re2 {[%clk 0:52:03]} Nxe3 {[%clk
0:31:27]} 24. Rxe3 {[%clk 0:50:49]} Bf5 {[%clk 0:31:48]} 25. Qd2 {[%clk 0:49:37]}
Rxe3 {[%clk 0:23:01]} 26. Qxe3 {[%clk 0:49:14]} Be4 {[%clk 0:22:53]} 27. Re1
{[%clk 0:45:40]} Kf8 {[%clk 0:11:23]} 28. Nd2 {[%clk 0:43:12]} Bxg2 {[%clk
0:11:22]} 29. Kxg2 {[%clk 0:43:37]} Re8 {[%clk 0:11:43]} 30. Qxe8+ {[%clk
0:44:02]} Qxe8 {[%clk 0:12:07]} 31. Rxe8+ {[%clk 0:44:28]} Kxe8 {[%clk 0:12:36]}
32. Nf1 {[%clk 0:44:30]} Kd7 {[%clk 0:12:11]} 33. Ne3 {[%clk 0:44:55]} Ke6 {[%clk
0:12:17]} 34. f4 {[%clk 0:44:47]} a5 {[%clk 0:07:29]} 35. a3 {[%clk 0:28:14]} b4
{[%clk 0:05:39]} 36. axb4 {[%clk 0:27:51]} axb4 {[%clk 0:06:08]} 37. Nc2 {[%clk
0:28:05]} bxc3 {[%clk 0:06:04]} 38. bxc3 {[%clk 0:28:31]} Bd8 {[%clk 0:05:56]}
39. Ne3 {[%clk 0:26:19]} Ba5 {[%clk 0:03:09]} 40. Nd1 {[%clk 0:56:44]} Kd6 {[%clk
0:31:36]} 41. Kf3 {[%clk 0:56:26]} Ke6 {[%clk 0:31:03]} 42. g4 {[%clk 0:56:02]}
g6 {[%clk 0:28:28]} 1/2-1/2

[Event "Girls U20 Polish Youth Championship"]
[Site "Ustron"]
[Date "2019.11.27"]
[Round "6"]
[White "Malicka, Maria"]
[Black "Stochnialek, Dominika"]
[Result "1-0"]
[Board "7"]
[WhiteElo "2104"]
[WhiteTitle "WCM"]
[WhiteCountry "POL"]
[WhiteFideId "1197576"]
[WhiteEloChange "3"]
[BlackElo "1768"]
[BlackCountry "POL"]
[BlackFideId "1165402"]
[BlackEloChange "-3"]

1. e4 {[%clk 1:30:30]} c5 {[%clk 1:30:30]} 2. Nf3 {[%clk 1:30:30]} d6 {[%clk
1:30:30]} 3. d4 {[%clk 1:30:34]} cxd4 {[%clk 1:30:30]} 4. Nxd4 {[%clk 1:30:34]}
Nf6 {[%clk 1:30:30]} 5. Nc3 {[%clk 1:30:34]} g6 {[%clk 1:30:39]} 6. Be3 {[%clk
1:30:34]} Bg7 {[%clk 1:30:39]} 7. f3 {[%clk 1:30:34]} Nc6 {[%clk 1:30:54]} 8. Qd2
{[%clk 1:30:54]} O-O {[%clk 1:31:03]} 9. O-O-O {[%clk 1:31:19]} d5 {[%clk
1:31:28]} 10. Qe1 {[%clk 1:31:38]} e5 {[%clk 1:31:47]} 11. Nxc6 {[%clk 1:32:03]}
bxc6 {[%clk 1:32:07]} 12. exd5 {[%clk 1:32:03]} Nxd5 {[%clk 1:32:27]} 13. Bc4
{[%clk 1:32:03]} Be6 {[%clk 1:32:51]} 14. Kb1 {[%clk 1:32:23]} Re8 {[%clk
1:32:56]} 15. Ne4 {[%clk 1:32:28]} f5 {[%clk 1:33:16]} 16. Ng5 {[%clk 1:29:08]}
Bc8 {[%clk 1:33:30]} 17. h4 {[%clk 1:28:27]} h6 {[%clk 1:33:40]} 18. Ne4 {[%clk
1:28:16]} Be6 {[%clk 1:33:29]} 19. h5 {[%clk 1:16:06]} g5 {[%clk 1:31:06]} 20.
Bb3 {[%clk 1:05:29]} Qb8 {[%clk 1:13:56]} 21. Nc5 {[%clk 1:03:15]} Bf7 {[%clk
1:13:40]} 22. g4 {[%clk 0:55:16]} e4 {[%clk 0:55:33]} 23. fxe4 {[%clk 0:54:24]}
Nxe3 {[%clk 0:53:00]} 24. Qxe3 {[%clk 0:53:27]} f4 {[%clk 0:37:57]} 25. Qf2
{[%clk 0:43:20]} Qe5 {[%clk 0:33:15]} 26. Nd3 {[%clk 0:41:37]} Qxe4 {[%clk
0:30:21]} 27. Rhe1 {[%clk 0:40:04]} Qd4 {[%clk 0:26:51]} 28. Qf3 {[%clk 0:36:04]}
Bxb3 {[%clk 0:19:22]} 29. axb3 {[%clk 0:36:08]} Qf6 {[%clk 0:16:43]} 30. c3
{[%clk 0:34:05]} a5 {[%clk 0:13:28]} 31. Kc2 {[%clk 0:31:42]} Rad8 {[%clk
0:11:35]} 32. Re4 {[%clk 0:28:22]} Rxe4 {[%clk 0:08:41]} 33. Qxe4 {[%clk
0:28:42]} Qd6 {[%clk 0:03:13]} 34. Nf2 {[%clk 0:26:43]} Qc7 {[%clk 0:03:23]} 35.
Rxd8+ {[%clk 0:26:27]} Qxd8 {[%clk 0:03:23]} 36. Qxc6 {[%clk 0:26:37]} Qe7 {[%clk
0:03:07]} 37. Qe4 {[%clk 0:22:56]} Qa7 38. Nd3 {[%clk 0:15:23]} Qg1 39. Qe2
{[%clk 0:14:51]} Qh1 40. Ne1 {[%clk 0:13:48]} Qa8 41. Nf3 {[%clk 0:08:58]} Kh8
42. Nd2 {[%clk 0:07:19]} a4 43. Qe4 {[%clk 0:03:57]} axb3+ 44. Kxb3 {[%clk
0:04:22]} Qb8+ 45. Kc2 {[%clk 0:04:26]} Qc8 46. Qf3 {[%clk 0:04:05]} Qb8 47. b4
{[%clk 0:00:23]} Qa7 48. Kb3 Qf7+ 49. Nc4 Qd7 50. Nb6 Qa7 51. Nd5 Qa1 52. Ne7
Qb1+ 53. Kc4 Qa2+ 54. Kb5 Qa7 55. Nf5 Qd7+ 56. Kc4 Qc7+ 57. Kb3 Bf8 58. Qd5 f3
59. Qxf3 1-0

[Event "Girls U20 Polish Youth Championship"]
[Site "Ustron"]
[Date "2019.11.27"]
[Round "6"]
[White "Czernikowska, Laura"]
[Black "Siekanska, Maria"]
[Result "0-1"]
[Board "8"]
[WhiteElo "1349"]
[WhiteTitle "WCM"]
[WhiteCountry "POL"]
[WhiteFideId "21805970"]
[WhiteEloChange "-2"]
[BlackElo "1773"]
[BlackCountry "POL"]
[BlackFideId "21852650"]
[BlackEloChange "2"]

1. d4 {[%clk 1:30:55]} d5 {[%clk 1:30:57]} 2. c4 {[%clk 1:31:10]} e6 {[%clk
1:31:21]} 3. Nf3 {[%clk 1:31:31]} c5 {[%clk 1:31:38]} 4. e3 {[%clk 1:31:34]} Nf6
{[%clk 1:31:46]} 5. a3 {[%clk 1:31:42]} a6 {[%clk 1:31:23]} 6. dxc5 {[%clk
1:31:09]} Bxc5 {[%clk 1:31:02]} 7. b4 {[%clk 1:30:39]} Ba7 {[%clk 1:30:47]} 8.
Bb2 {[%clk 1:28:57]} O-O {[%clk 1:30:36]} 9. Nbd2 {[%clk 1:27:02]} Nc6 {[%clk
1:29:16]} 10. Nb3 {[%clk 1:24:48]} Ne4 {[%clk 1:27:51]} 11. Qc2 {[%clk 1:17:59]}
f5 {[%clk 1:20:44]} 12. Bd3 {[%clk 1:13:46]} Ng5 {[%clk 1:13:43]} 13. Ne5 {[%clk
1:06:18]} Bb8 {[%clk 1:10:47]} 14. Nxc6 {[%clk 1:03:39]} bxc6 {[%clk 1:10:50]}
15. f4 {[%clk 0:57:31]} Ne4 {[%clk 1:09:15]} 16. Bxe4 {[%clk 0:55:48]} dxe4
{[%clk 1:04:12]} 17. O-O {[%clk 0:49:06]} Qe7 {[%clk 1:01:23]} 18. Qc3 {[%clk
0:42:47]} Bd7 {[%clk 0:55:17]} 19. Rad1 {[%clk 0:36:15]} Ra7 {[%clk 0:34:34]} 20.
Qc2 {[%clk 0:26:41]} e5 {[%clk 0:31:28]} 21. Qf2 {[%clk 0:18:31]} exf4 {[%clk
0:26:06]} 22. Bd4 {[%clk 0:17:24]} fxe3 {[%clk 0:20:46]} 23. Bxe3 {[%clk
0:17:31]} Ra8 {[%clk 0:20:18]} 24. Bc5 {[%clk 0:17:41]} Qe5 {[%clk 0:19:37]} 25.
Qh4 {[%clk 0:16:45]} Rf7 {[%clk 0:16:41]} 26. Bd4 {[%clk 0:10:38]} Qc7 {[%clk
0:13:17]} 27. Nc5 {[%clk 0:09:19]} Ba7 {[%clk 0:12:24]} 28. Nxd7 {[%clk 0:08:52]}
Rxd7 {[%clk 0:08:44]} 29. Bxa7 {[%clk 0:08:59]} Qxa7+ {[%clk 0:08:07]} 30. c5
{[%clk 0:08:34]} Qc7 {[%clk 0:06:26]} 31. Qg5 {[%clk 0:07:54]} g6 {[%clk
0:05:32]} 32. Qf6 {[%clk 0:07:13]} Rad8 {[%clk 0:05:49]} 33. Qe6+ {[%clk
0:07:23]} Kg7 {[%clk 0:06:16]} 34. Rxd7+ {[%clk 0:06:55]} Qxd7 {[%clk 0:06:35]}
35. Qe5+ {[%clk 0:06:32]} Kg8 {[%clk 0:06:42]} 36. Rc1 {[%clk 0:06:14]} Qd4+
{[%clk 0:06:33]} 37. Qxd4 {[%clk 0:06:30]} Rxd4 {[%clk 0:07:02]} 38. Rc2 {[%clk
0:06:26]} Kf7 {[%clk 0:07:02]} 39. Kf2 {[%clk 0:06:43]} Ke6 {[%clk 0:07:23]} 40.
Rc3 {[%clk 0:37:08]} Rd2+ {[%clk 0:37:07]} 41. Kg3 {[%clk 0:37:04]} Rd3+ {[%clk
0:36:59]} 42. Rxd3 {[%clk 0:37:27]} exd3 {[%clk 0:37:28]} 43. Kf2 {[%clk
0:37:22]} Kd5 {[%clk 0:37:54]} 44. Ke3 {[%clk 0:37:24]} Kc4 {[%clk 0:38:19]} 45.
g3 {[%clk 0:37:36]} Kc3 {[%clk 0:38:45]} 0-1